1832 1071 1468 1125 1787 1572 1657 1939 1844 1810 1402 1431 1990 1559 1643 1167 1058 1083 1841 1790 1596 1143 1265 1091 1743 1474 1967 1135 1360 1232 1135 1477 1638 1720 1769 1107 1872 1616 1333 1246 1609 1219 1625 1530 1048 1988 1162 1378 1024 1280 1608 1157 1639 1617 1481 1046 1582 1665 1621 1192 1959 1854 1644 1923 1330 1461 1590 1417 1391 1200 1897 1962 1513 1686 1822 1804 1056 1901 1889 1368 1025 1156 1446 1844 1607 1709 1290 1982 1296 1938 1546 1898 1398 1302 1621 1504 1499 1261 1233 BCNSPRNW ULIB Ver.6.0+V

เปลี่ยนเป็นภาษาไทย

Change to English
 แสดงรายละเอียดบรรณานุกรม
  กลับหน้าหลัก

Brief Record : Get Marc (ISO 2709) : E-mail record : QR code < ปิดหน้าต่าง
LEADER : 00000nam 2200000uu 4500
001    13399108434
003     ULIB
008    110203s2544||||th 000 0 tha d
020    9746112791(ล.2)
060  4 WY106^bม719ก ล.2 2544
110 1  มหาวิทยาลัยสุโขทัยธรรมาธิราช^bสาขาวิชาวิทยาศาสตร์สุขภาพ
245 00 เอกสารการสอนชุดวิชา กรณีเลือกสรรการพยาบาลอนามัยชุมชน หน่วยที่8-15=^bSelected case study on community health nursing /^cมหาวิทยาลัยสุโขทัยธรรมาธิราช
246 0  Selected case study on community health nursing
250    พิมพ์ครั้งที่ 15
260    นนทบุรี:^bศูนย์หนังสือมหาวิทยาลัยสุโขทัยธรรมาธิราช,^c2544
300    438 หน้า
650  7 อนามัยชุมชน^xการพยาบาล
650  7 อนามัยชุมชน^xการบริการ
945    ^p0^l0^i018931
995    ทศพร
999 ^a ใช้งานได้ทุกระบบ
รายการนี้ยังไม่มีแท็ก
คุณยังไม่ได้ล็อกอิน คุณสามารถมีกิจกรรมร่วมกับเว็บไซต์ได้ แต่ต้องล็อกอินก่อน ::
  ล็อกอิน

รายการสื่อสารสนเทศ

ลำดับที่ ประเภท เลขเรียก/บาร์โค้ด สถานที่ สถานะ
- ไม่พบข้อมูล -

BibComment


ยังไม่เคยถูกคอมเมนท์

คอมเมนท์ทรัพยากรรายการนี้
  คอมเมนท์: เอกสารการสอนชุดวิ..


 Copyright 2026. Bcnsprnw @Library